Ciencias sociales 4 / (Registro nro. 9657)

Detalles MARC
000 -LIDER
fixed length control field 01756nam a2200349 a 4500
001 - NÚMERO DE CONTROL
Identificador de número de control 00003839
003 - IDENTIFICACDOR DE NÚMERO DE CONTROL
control field DO-SdBNP
005 - DATE AND TIME OF LATEST TRANSACTION
control field 20160523111500.0
007 - CAMPOS FIJOS DE DESCRIPCIÓN FÍSICA
fixed length control field 00003839
008 - ELEMENTOS DE LONGITUD FIJA
fixed length control field 150130s2009 dr abc 000 0 spa d
020 ## - ISBN
International Standard Book Number 9803663771
040 ## - FUENTE DE CATALOGACIÓN
Agencia que crea de manera original el registro BPMSU
Idioma de catalogación spa
Agencia que realiza la transcripción BPMSU
092 ## - LOCALLY ASSIGNED DEWEY DECIMAL CALL NUMBER
Número de clasificación 372.83
Número de ítem (Cutter) H557c 4to. 2009
100 ## - ASIENTO PRINCIPAL -- NOMBRE PERSONAL
Nombre personal Hernández Grullón, Alejandro
245 10 - MENCIÓN DE TITULO
Título Ciencias sociales 4 /
Mención de responsabilidad Alejandro Hernández Grullón, Juan Ricardo Hernández
250 ## - MENCIÓN DE EDICION
Mención de edición Edición actualizada y rev.
260 ## - PUBLICACIÓN, DISTRIBUCIÓN, ETC. (PIE DE IMPRENTA)
Lugar de publicación, distribución, etc Santo Domingo :
Nombre del editor, distribuidor, etc. Actualidad Escolar 2000,
Fecha de publicación, distribución, etc 2009.
300 ## - DESCRIPCIÓN FÍSICA
Extensión 2v. :
Otros detalles físicos il., mapas, retrs. ;
Dimensiones 28 cm.
500 ## - NOTA GENERAL
Nota general La biblioteca posee v. 1 libro texto y v.2. Libro del maestro
500 ## - NOTA GENERAL
Nota general Este libro ha sido realizado de acuerdo al curriculum vigente y aprobado como libro de texto por la SEE, bajo el no. 6096 de fecha 4 de julio 2006, revisado y actualizado al 2009
505 0# - NOTA DE CONTENIDO
Texto normalizado de contenido Unidad 1 --
Información miscelánea Unidad 1 --
Título Provincias y regiones dominicanas --
Información miscelánea Unidad 2 --
Título Relieve, hidrografía y clima de las regiones de la República Dominicana --
Información miscelánea Unidad 3 --
Título Primeros pobladores y llegada de los españoles --
Información miscelánea Unidad 4 --
Título Esclavitud nativa y resistencia --
Información miscelánea Unidad 5 --
Título Formación del pueblo dominicano: independencia, anexión y restauración --
650 #4 - ENCABEZAMIENTO DE MATERIA--TEMÁTICO
Término temático o nombre geográfico como elemento de entrada CIENCIAS SOCIALES
Subdivisión temática general ENSEÑANZA BÁSICA
650 #4 - ENCABEZAMIENTO DE MATERIA--TEMÁTICO
Término temático o nombre geográfico como elemento de entrada CIENCIAS SOCIALES
Subdivisión temática general EDUCACIÓN PRIMARIA
650 #4 - ENCABEZAMIENTO DE MATERIA--TEMÁTICO
Término temático o nombre geográfico como elemento de entrada CIENCIAS SOCIALES
Subdivisión temática general LIBROS DE TEXTOS
650 #4 - ENCABEZAMIENTO DE MATERIA--TEMÁTICO
Término temático o nombre geográfico como elemento de entrada CIENCIAS SOCIALES
Subdivisión temática general ESTUDIOS Y EJERCICIOS
650 #4 - ENCABEZAMIENTO DE MATERIA--TEMÁTICO
Término temático o nombre geográfico como elemento de entrada EDUCACIÓN PRIMARIA
Subdivisión geográfica REPÚBLICA DOMINICANA
700 12 - ASIENTO SECUNDARIO -- NOMBRE PERSONAL
Nombre personal Hernández, Juan Ricardo
910 ## - VALIDACIÓN
Validación Validado. Control de calidad MFF
930 #1 - EQUIVALENCE OR CROSS-REFERENCE-UNIFORM TITLE HEADING [LOCAL, CANADA]
Language of a work BND01
Medium of performance for music LF1
Field link and sequence number 20110113
Date of a work 04
Name of part/section of a work HD
942 ## - ADDED ENTRY ELEMENTS (KOHA)
Source of classification or shelving scheme Dewey Decimal Classification
Koha item type Libros
956 ## - LOCAL ELECTRONIC LOCATION AND ACCESS (OCLC)
Nombre de host LOPEREZ
Número de acceso 10
Información de compresión 20160408
Inicio de sesión BPMSU
Procesador de solicitud 0041
Existencias
Withdrawn status Lost status Source of classification or shelving scheme Damaged status Not for loan Collection code Home library Current library Date acquired Source of acquisition Total Checkouts Full call number Barcode Date last seen Koha item type Copy number Price effective from
    Dewey Decimal Classification       Biblioteca Pública Metropolitana Salomé Ureña Biblioteca Pública Metropolitana Salomé Ureña 04/11/2016 Donación   372.83 H557c 4to. 2009 v.1 BPMSU16040308 04/11/2016 Libros    
    Dewey Decimal Classification       Biblioteca Pública Metropolitana Salomé Ureña Biblioteca Pública Metropolitana Salomé Ureña 04/11/2016 Donación   372.83 H557c 4to. 2009 v.1 BPMSU16040309 04/11/2016 Libros ej. 2 04/11/2016
    Dewey Decimal Classification       Biblioteca Pública Metropolitana Salomé Ureña Biblioteca Pública Metropolitana Salomé Ureña 04/11/2016 Donación   372.83 H557c 4to. 2009 v.2 Libro del maestro BPMSU16040310 04/11/2016 Libros   04/11/2016
    Dewey Decimal Classification       Biblioteca Pública Metropolitana Salomé Ureña Biblioteca Pública Metropolitana Salomé Ureña 04/11/2016 Donación   372.83 H557c 4to. 2009 v.2 Libro del maestro BPMSU16040311 04/11/2016 Libros ej. 2 04/11/2016